Synthesis imaging in radio astronomy (Record no. 9719)
[ view plain ]
| 000 -LEADER | |
|---|---|
| fixed length control field | 00817nam a2200229Ia 4500 |
| 003 - CONTROL NUMBER IDENTIFIER | |
| control field | IN-BaIIA |
| 008 - FIXED-LENGTH DATA ELEMENTS--GENERAL INFORMATION | |
| fixed length control field | 211028s9999 xx 000 0 eng d |
| 020 ## - INTERNATIONAL STANDARD BOOK NUMBER | |
| International Standard Book Number | 0-937707-23-6 |
| 040 ## - CATALOGING SOURCE | |
| Transcribing agency | IIA Library |
| 080 ## - UNIVERSAL DECIMAL CLASSIFICATION NUMBER | |
| Universal Decimal Classification number | 082.2:52 |
| Item number | ASP-6 |
| 245 #0 - TITLE STATEMENT | |
| Title | Synthesis imaging in radio astronomy |
| Statement of responsibility, etc. | edited by Richard A. Perley, Frederic R. Schwab and Alan H. Bridle |
| 260 ## - PUBLICATION, DISTRIBUTION, ETC. | |
| Place of publication, distribution, etc. | San Francisco |
| Name of publisher, distributor, etc. | Astronomical Society of the Pacific |
| Date of publication, distribution, etc. | 1989 |
| 300 ## - PHYSICAL DESCRIPTION | |
| Extent | xxi, 509p. |
| 490 ## - SERIES STATEMENT | |
| Series statement | ASP conference series; v. 6 |
| 650 ## - SUBJECT ADDED ENTRY--TOPICAL TERM | |
| Topical term or geographic name entry element | Astronomy and Astrophysics Thesaurus |
| 650 ## - SUBJECT ADDED ENTRY--TOPICAL TERM | |
| Topical term or geographic name entry element | Radio astronomy |
| 9 (RLIN) | 2849 |
| 650 ## - SUBJECT ADDED ENTRY--TOPICAL TERM | |
| Topical term or geographic name entry element | Synthesis imaging |
| 9 (RLIN) | 16437 |
| 700 ## - ADDED ENTRY--PERSONAL NAME | |
| Personal name | Bridle, Alan H., ed. |
| 9 (RLIN) | 16438 |
| 700 ## - ADDED ENTRY--PERSONAL NAME | |
| Personal name | Perley, Richard A., ed. |
| 9 (RLIN) | 16439 |
| 700 ## - ADDED ENTRY--PERSONAL NAME | |
| Personal name | Schwab, Frederic R., ed. |
| 9 (RLIN) | 16440 |
| 942 ## - ADDED ENTRY ELEMENTS (KOHA) | |
| Koha item type | Books |
| Withdrawn status | Lost status | Damaged status | Not for loan | Home library | Current library | Shelving location | Date acquired | Total Checkouts | Full call number | Barcode | Date last seen | Date last checked out | Price effective from | Koha item type |
|---|---|---|---|---|---|---|---|---|---|---|---|---|---|---|
| IIA Library-Bangalore | IIA Library-Bangalore | General Stacks | 1 | 082.2:52/ ASP-6 | 10629 | 24/06/2024 | 20/05/2024 | Books |